La mente no funciona así: alcance y limitaciones de la psicología computacional
Saved in:
| Hovedforfatter: | |
|---|---|
| Format: | Bog |
| Sprog: | spansk |
| Udgivet: |
Madrid
Siglo XXI
2003
|
| Udgivelse: | 1a. ed |
| Fag: | |
| Tags: |
Tilføj Tag
Ingen Tags, Vær først til at tagge denne postø!
|
MARC
| LEADER | 00000nam a2200000 a 4500 | ||
|---|---|---|---|
| 001 | UCL7043 | ||
| 003 | CL-VaPUC | ||
| 008 | 040430e20030000SP |||||||||||||||||spa|d | ||
| 020 | |a 8432311162 | ||
| 082 | 0 | 4 | |a 121 |b FOD |2 21 |
| 100 | 0 | |a Fodor, Jerry |e author |9 484778 | |
| 245 | 1 | 3 | |a La mente no funciona así: alcance y limitaciones de la psicología computacional |
| 250 | |a 1a. ed | ||
| 300 | |a 168 p | ||
| 942 | |c BK | ||
| 945 | |d 20040430 00:00:00 |a cmena | ||
| 260 | |a Madrid |b Siglo XXI |c 2003 | ||
| 650 | 0 | |a Teoría del conocimiento |9 255038 | |
| 650 | 0 | |a Epistemología |9 264994 | |
| 583 | |a last modification |c 20040430 00:00:00 |k Rodrigo Vera | ||
| 999 | |c 308912 |d 308910 | ||
| 952 | |0 0 |1 0 |4 0 |6 121_000000000000000_FOD_2003 |7 0 |8 A |9 375847 |a FDOPOS |b FDOPOS |d 2019-11-21 |i 4012631 |o 121 FOD 2003 |p 4012631 |r 2025-01-22 |w 2019-11-21 |y BK |k MLA | ||
| 952 | |0 0 |1 0 |4 0 |6 121_000000000000000_FOD_2003 |7 0 |8 A |9 375848 |a BIBEDU |b BIBEDU |c ES_NOD |d 2019-11-21 |i 4568729 |o 121 FOD 2003 |p 4568729 |r 2023-08-09 |w 2019-11-21 |y BK |k PSI | ||